Control de malas hierbas

Saved in:
Bibliografiske detaljer
Hovedforfatter: Villarias Moradillo, José Luis (Author)
Format: Bog
Sprog:spansk
Udgivet: Madrid Mundi-Prensa 1986
Udgivelse:2a. ed
Fag:
Tags: Tilføj Tag
Ingen Tags, Vær først til at tagge denne postø!

MARC

LEADER 00000nam a2200000 a 4500
001 UCR5146
003 CL-VaPUC
008 980320e19860000SP |||||||||||||||||spa|d
082 0 4 |a 632.954  |b VIL  |2 21 
100 0 |a Villarias Moradillo, José Luis  |e author  |9 405926 
245 1 0 |a Control de malas hierbas 
250 |a 2a. ed 
300 |a v 
942 |c BK 
945 |d 19980320 00:00:00  |a rleighto 
260 |a Madrid  |b Mundi-Prensa  |c 1986 
500 |a v.1: Atlas de malas hierbas 
500 |a v.2: Guía de aplicación de herbicidas 
650 7 |a MALAS HIERBAS  |2 CL-VaPUC  |9 405927 
650 0 |a Control de malezas  |9 259684 
650 7 |a CONTROL QUIMICO  |2 CL-VaPUC  |9 403538 
650 0 |a Herbicidas  |9 393022 
650 7 |a CLASIFICACION  |2 CL-VaPUC  |9 269795 
583 |a last modification  |c 19980320 00:00:00  |k Rodrigo Vera 
999 |c 267870  |d 267868 
952 |0 0  |1 0  |4 0  |6 632_954000000000000_VIL_1986  |7 0  |8 A  |9 300639  |a BIBAGR  |b BIBAGR  |d 2019-11-20  |h v.1  |i 3405141  |o 632.954 VIL 1986  |p 3405141  |r 2025-01-20  |w 2019-11-20  |y BK  |k AGR 
952 |0 0  |1 0  |4 0  |6 632_954000000000000_VIL_1986  |7 0  |8 A  |9 300640  |a BIBAGR  |b BIBAGR  |d 2019-11-20  |h v.1  |i 340515K  |o 632.954 VIL 1986  |p 340515K  |r 2025-01-20  |w 2019-11-20  |y BK  |k AGR 
952 |0 0  |1 0  |4 0  |6 632_954000000000000_VIL_1986  |7 0  |8 A  |9 300641  |a BIBAGR  |b BIBAGR  |d 2019-11-20  |h v.2  |i 3405168  |o 632.954 VIL 1986  |p 3405168  |r 2025-01-20  |w 2019-11-20  |y BK  |k AGR 
952 |0 0  |1 0  |4 0  |6 632_954000000000000_VIL_1986  |7 0  |8 A  |9 300642  |a BIBAGR  |b BIBAGR  |d 2019-11-20  |h v.2  |i 3405176  |o 632.954 VIL 1986  |p 3405176  |r 2025-01-20  |w 2019-11-20  |y BK  |k AGR